000 00846nam 22002533 4500
001 199798
010 _a978-989-23-3757-9
021 _aPT
_b419635/16
090 _a199798
100 _a20260109d u||y0pory50 ba
101 _apor
200 _aSmurfs A Aldeia Perdida
_eSmurfina Descobre a Aldeia Perdida
_fDaphne Pendergrass (adapt.)
_gIlustração de Antonello Dalena
205 _a
210 _aAlfragide
_cEdições Asa
_d2017
215 _a[28] p. : todo il.
_cEncadernado
_d23 x 23 cm
225 _aSmurfs
_eA Aldeia Perdida
304 _aTít. orig.: Smurfette and the Lost Village
606 _9235
_aLiteratura infantil
675 _a087.5/PEN/SMU
_vPT
_zpor
700 _915610
_aPendergrass
_bDaphne
702 _915611
_aDalena
_bAntonello
801 _aPT
_bBMMN
_gRPC
830 _cCarlos Pinto
_d09-01-2026
_fCarlos Pinto
990 _cLIVROS